| 000 | 00462nam a2200169 i 4500 | ||
|---|---|---|---|
| 001 | 108643 | ||
| 003 | ES-MaACL | ||
| 005 | 20230906184659.0 | ||
| 007 | t| | ||
| 008 | 061121s1952 sp r ||||1| spa d | ||
| 100 | 1 |
_aMontgri Bricall, Rosendo. _982638 |
|
| 245 | 1 | 0 |
_aManual del joyero / _cRosendo Montgri Bricall. |
| 260 |
_aBarcelona : _bSintes, _c1952. |
||
| 300 |
_a168 p. ; _c18 cm. |
||
| 650 | 0 | 4 |
_aJoyerÃa. _913964 |
| 852 |
_aES-MaACL _jC-6127 _bR.34425 |
||
| 999 |
_c108643 _d108643 |
||